Statistiques concernant Petit Bac #19 - Communes Espagnoles

Cliquez ici pour prendre le quiz!

Statistiques générales

  • Ce quiz a été pris 965 fois
    (618 depuis la dernière actualisation)
  • Le résultat moyen est 9 sur 20

Statistiques - réponses

1ère LettreCommune (50.000+ hab.)% Correct
BBarcelone / Bilbao / Badalona / Burgos / Badajoz / Barakaldo / Benalmádena / Benidorm / Boadilla del Monte
99%
MMadrid / Malaga / Murcie / Móstoles / Marbella / Mataró / Melilla / Mijas / Manresa / Majadahonda / Molina de Segura / Motril / Mérida / Mollet del Vallès
98%
SSéville / Saragosse / Sabadell / Santa Cruz de Tenerife / Saint-Sébastien / Santander / San Cristóbal de La Laguna / Salamanque / Santa Coloma de Gramenet / Saint-Jacques-de-Compostelle / San Fernando / Sant Cugat del Vallès / San Sebastián de los Reyes / Sant Boi de Llobregat / Santa Lucía de Tirajana / Sanlúcar de Barrameda / Sagonte / San Vicente del Raspeig / San Bartolomé de Tirajana / Ségovie / Siero
93%
VValence / Valladolid / Vigo / Vitoria-Gasteiz / Vélez-Málaga / Valdemoro / Vilanova i la Geltrú / Viladecans / Vila-real
88%
GGijón / Grenade / Getafe / Gérone / Guadalajara / Getxo / Gandie / Granollers
74%
CCordoue / Carthagène / Castellón de la Plana / Cadix / Cáceres / Cornellà de Llobregat / Ceuta / Chiclana de la Frontera / Coslada / Ciudad Real / Castelldefels / Collado Villalba / Cerdanyola del Vallès / Cuenca
70%
AAlicante / Almería / Alcalá de Henares / Albacete / Alcorcón / Algésiras / Alcobendas / Arona / Avilés / Alcalá de Guadaíra / Arrecife / Aranjuez / Alcoy / Ávila / Arganda del Rey
63%
PPalma de Majorque / Pampelune / Parla / Pozuelo de Alarcón / Pontevedra / Palencia / Paterna / Ponferrada / Pinto
60%
LLas Palmas de Gran Canaria / L'Hospitalet de Llobregat / La Corogne / Leganés / Logrogne / Lérida / León / Lugo / Las Rozas de Madrid / Lorca / La Línea de la Concepción / Linares
57%
TTerrassa / Tarragone / Torrejón de Ardoz / Telde / Toledo / Talavera de la Reina / Torrevieja / Torrent / Torremolinos / Torrelavega
42%
OOviedo / Orense / Orihuela
36%
HHuelva / Huesca
28%
JJerez de la Frontera / Jaén
28%
EElche / El Puerto de Santa María / El Ejido / Estepona / El Prat de Llobregat / Elda
23%
IIrun
12%
FFuenlabrada / Fuengirola / Ferrol
10%
ZZamora
9%
RReus / Roquetas de Mar / Rivas-Vaciamadrid / Rubí
6%
DDos Hermanas
4%
UUtrera
2%

Distribution des résultats

Percentile par nombre de réponses

% des personnes avec chaque résultat

Votre développement - résultats

Vous n’avez pas pris ce quiz depuis la dernière actualisation